| 000 | 00686nam a2200217 u 4500 | ||
|---|---|---|---|
| 005 | 20210223131902.0 | ||
| 008 | 121016s2007 ch r 000 0 spa d | ||
| 020 | _a9789568623173 | ||
| 035 | _aUPN01000187562 | ||
| 049 | _aI | ||
| 050 | 4 |
_aPZ75 _bT4.6 |
|
| 245 | 0 | 1 |
_a¿Tengo fiebre? / _ced. Karyna Farías Marcone ; il. Mauricio Cerecera Jara. |
| 260 |
_aSantiago de Chile : _bCal y Canto, _cc2007. |
||
| 300 |
_a16 p. : _bil. col. |
||
| 440 | 0 | _aCuentos para mí | |
| 650 | 4 |
_aCUENTOS INFANTILES CHILENOS _911282 |
|
| 650 | 4 |
_aNIÑOS - _xENFERMEDADES - _vLITERATURA INFANTIL _921848 |
|
| 700 | 1 |
_aFarías Marcone, Karyna, _eed. _933243 |
|
| 905 | _aInfantil | ||
| 999 |
_c159665 _d159665 |
||